| 000 | 00814cam a2200253 i 4500 | ||
|---|---|---|---|
| 001 | 75319 | ||
| 003 | BD-RjUL | ||
| 005 | 20211209082654.0 | ||
| 008 | 140219r19591952ctuaf 001 0 eng | ||
| 035 | _a(BD-RjUL)75537 | ||
| 040 |
_aDLC _cDLC _dDLC _dBD-RjUL _beng |
||
| 041 | _aeng | ||
| 082 | 0 | 0 |
_a792.0952 _bINJ 1972 |
| 110 |
_aInternational Society for Educational Information _9228584 |
||
| 245 | 1 | 0 |
_aJapanese theatre / _cInternational Society for Educational Information |
| 260 |
_aJapan : _bInternational Society for Educational Information, _c1972 |
||
| 300 |
_a114 P. : _bill. ; _c26 cm. |
||
| 500 | _aIncludes index. | ||
| 650 | 0 |
_aTheater _zJapan _xHistory. _950505 |
|
| 650 | 0 |
_aJapanese drama _xHistory and criticism. _954949 |
|
| 942 |
_2ddc _cBK |
||
| 999 |
_c75319 _d75319 |
||